Biggest Cities Near Vancouver - Statistics

General Stats
  • This quiz has been taken 26 times
  • The average score is 5 of 7
Answer Stats
Pop. Distance City % Correct
737,015 171 km. (106 mi.) Seattle
86%
517,887 8 km. (5 mi.) Surrey
77%
141,397 41 km. (26 mi.) Abbotsford
68%
232,755 0 km. (0 mi.) Burnaby
68%
198,309 0 km. (0 mi) Richmond
68%
139,284 10 km. (6 mi.) Coquitlam
59%
110,629 143 km. (89 mi.) Everett
32%
No matching quizzes found
Score Distribution
Percent of People with Each Score
Percentile by Number Answered
Your Score History
You have not taken this quiz